000 01336cam a22003857a 4500
001 000070910
003 CHAP
005 20220329141436.0
008 971013s r 00010 d
010 _a68181
011 _a69153
035 _a78628
040 _cCHAP
090 _aR-2998
100 0 0 _aHernández Xolocotzi, Efraím.
_954753
245 1 3 _aEl origen de Phaseolus coccineus L. Darwinianus Hdez X. & Miranda C. Subspecies nova.
500 _aSobretiro de : Revista de la Soc. Méx. de Historia natural 20 (1-4) : 99-121, 1959
530 _aTambién disponible en línea
590 _aBATCH-UPD
_b10
_c20130110
_lUCH01
_h1204
590 _aBATCH-UPD
_b10
_c20130410
_lUCH01
_h0746
590 _aBATCH-UPD
_b10
_c20130914
_lUCH01
_h1600
590 _aBATCH-UPD
_b10
_c20140324
_lUCH01
_h1438
590 _aBATCH-UPD
_b10
_c20141002
_lUCH01
_h0817
590 _aCONVERSION
_b10
_c20130109
_lUCH01
_h1337
590 _aE11695DGD
_b10
_c20140219
_lUCH01
_h1506
650 1 4 _aFrijol escarlata.
_943464
650 1 4 _aPlantas cultivadas
_xHistoria.
_988931
700 0 _aMiranda Colín, Salvador.
_976065
700 0 _aPrywer L., Czeslawa.
_992551
856 _3Finding aid
_uhttp://10.13.5.2/tesis/x70910.pdf
_zTeclea aquí
901 _aBK
942 _cREIMP
942 _n0
949 _aR-2998
_bBC
_cR
_d-31502
_eTS1
_i78628
_si
999 _c68181
_d68181